[Event "Asia Cities-ch 12th"]
[Site "Beirut"]
[Date "2000.03.21"]
[Round "5"]
[White "Ammoun, Hani"]
[Black "Kassis, Antoine"]
[Result "1-0"]
[WhiteElo "2177"]
[BlackElo "2175"]
[PlyCount "83"]
[EventDate "2000.03.19"]
[EventType "team-swiss"]
[EventRounds "9"]
[EventCountry "LBN"]
[SourceTitle "EXT 2020"]
[Source "ChessBase"]
[SourceDate "2019.10.17"]
[SourceVersion "1"]
[SourceVersionDate "2019.10.17"]
[SourceQuality "1"]
[WhiteTeam "Sidon"]
[BlackTeam "Zahle"]
[WhiteTeamCountry "LBN"]
[BlackTeamCountry "LBN"]

1. d4 Nf6 2. Nf3 g6 3. c4 c5 4. Nc3 cxd4 5. Nxd4 Bg7 6. e4 d6 7. Be2 0-0 8. 0-0 Nc6 9. Be3 Bd7 10. Qd2 Ng4 11. Bxg4 Bxg4 12. Nxc6 bxc6 13. Bh6 Be6 14. Bxg7 Kxg7 15. b3 Qa5 16. Qd4+ f6 17. Rad1 Bf7 18. Rd2 Qb6 19. Rfd1 Qxd4 20. Rxd4 f5 21. exf5 gxf5 22. f3 Kf6 23. Rh4 Bg6 24. Kf2 Rfd8 25. Rhd4 Rab8 26. f4 Bf7 27. R1d2 Rg8 28. Ne2 Rb4 29. Nc3 a5 30. g3 Rgb8 31. R4d3 Be8 32. Re3 Bd7 33. Rde2 e6 34. Rd2 d5 35. Na4 Bc8 36. cxd5 cxd5 37. Nc5 R8b5 38. Rc2 Rb8 39. Nd3 Re4 40. Ne5 Kg7 41. Rc7+ Kg8 42. Nc6 1-0